Loading...
| History - European | 0 | 2 | 1 | 1 | 15 | 77 | 106.00 | 0 | 2 | 3.11 | 9.09 |
| Social Science | 0 | 1 | 0 | 0 | 10 | 87 | 87.00 | 0 | 1 | 3.10 | 7.95 |
| Mythology | 0 | 1 | 0 | 0 | 10 | 71 | 71.00 | 0 | 1 | 3.93 | 5.68 |
| Other Academic | 0 | 1 | 0 | 1 | 10 | 117 | 117.00 | 0 | 0 | 0.00 | 4.17 |
| Current Events | 0 | 1 | 0 | 0 | 10 | 87 | 87.00 | 0 | 0 | 16.28 | 12.50 |
| History - World | 0 | 1 | 0 | 0 | 10 | 126 | 126.00 | 0 | 0 | 0.00 | 1.14 |
| Literature - World | 0 | 1 | 0 | 0 | 10 | 79 | 79.00 | 0 | 0 | 3.48 | 5.68 |
| Fine Arts - Painting and Sculpture | 0 | 1 | 1 | 1 | 5 | 125 | 125.00 | 0 | 0 | 0.00 | 4.55 |
| History - Other | 0 | 1 | 1 | 0 | 5 | 110 | 110.00 | 0 | 1 | 1.03 | 5.68 |
| Popular Culture | 0 | 0 | 1 | 0 | -5 | 0.00 | 0 | 0 | 0.00 | 0.00 |